LEADER 01044nam0-2200361---450- 001 990001073500403321 005 20080527092749.0 035 $a000107350 035 $aFED01000107350 035 $a(Aleph)000107350FED01 035 $a000107350 100 $a20001205d--------km-y0itay50------ba 101 0 $aeng 102 $aUS 105 $ay-------001yy 200 1 $aGeometry of quantum theory$fby V.S. Varadarajan 210 $aPrinceton (N.J.)$cVan Nostrand$d1968-1970 215 $a2 v.$d24 cm 225 1 $a<>University series in higher mathematics 327 1 $aV. 1. - c1968.$aV. 2: Geometry of quantum theory. - c1970. 610 0 $aMeccanica quantistica 700 1$aVaradarajan,$bV.S.$042057 801 0$aIT$bUNINA$gRICA$2UNIMARC 901 $aBK 912 $a990001073500403321 952 $aS.22-079$fFI1 952 $aS.22-079.001$fFI1 952 $aS.22-079.002$fFI1 952 $a22-107$fFI1 952 $a22-107.001$fFI1 959 $aFI1 996 $aGeometry of quantum theory$9187310 997 $aUNINA LEADER 01335nam 2200373Ia 450 001 996386549703316 005 20221108075419.0 035 $a(CKB)4940000000083133 035 $a(EEBO)2240876349 035 $a(OCoLC)18474359 035 $a(EXLCZ)994940000000083133 100 $a19880912d1699 uy | 101 0 $aeng 135 $aurbn||||a|bb| 200 14$aThe short French dictionary$b[electronic resource] $ein two parts : the [brace] I. English and French, II. French and English : according to the present use, and modern orthography /$fby Guy Miege .. 205 $aThe fourth edition with some improvements. 210 $aHague $cBy Henry van Bulderen ...$dM. DC. XCIX [1699] 215 $aca. 890 p 300 $aSecond part has special t.p. 300 $aImperfect: stained and tightly bound. 300 $aReproduction of original in the Harvard University Library. 330 $aeebo-0062 606 $aFrench language$vDictionaries$xEnglish 606 $aEnglish language$vDictionaries$xFrench 615 0$aFrench language$xEnglish. 615 0$aEnglish language$xFrench. 700 $aMiege$b Guy$f1644-1718?$01002359 801 0$bEAJ 801 1$bEAJ 801 2$bWaOLN 906 $aBOOK 912 $a996386549703316 996 $aThe short French dictionary$92303286 997 $aUNISA LEADER 02898nam 22005775 450 001 9910337469203321 005 20251113205920.0 010 $a3-319-67325-4 024 7 $a10.1007/978-3-319-67325-7 035 $a(CKB)4100000007110814 035 $a(DE-He213)978-3-319-67325-7 035 $a(MiAaPQ)EBC5922146 035 $a(PPN)231463510 035 $a(EXLCZ)994100000007110814 100 $a20181025d2019 u| 0 101 0 $aeng 135 $aurnn|008mamaa 181 $ctxt$2rdacontent 182 $cc$2rdamedia 183 $acr$2rdacarrier 200 10$aIntroduction to Nonlinear Circuits and Networks /$fby Bharathwaj Muthuswamy, Santo Banerjee 205 $a1st ed. 2019. 210 1$aCham :$cSpringer International Publishing :$cImprint: Springer,$d2019. 215 $a1 online resource (XIX, 360 p. 255 illus., 56 illus. in color.) 311 08$a3-319-67324-6 327 $aPreface -- Introduction -- Two-Terminal Network Elements -- Multiterminal Elements -- Techniques For Nonlinear Network Analysis -- Dynamic Nonlinear Networks -- Chaos -- Glossary -- Solutions. 330 $aThis course-based text revisits classic concepts in nonlinear circuit theory from a very much introductory point of view: the presentation is completely self-contained and does not assume any prior knowledge of circuit theory. It is simply assumed that readers have taken a first-year undergraduate course in differential and integral calculus, along with an elementary physics course in classical mechanics and electrodynamics. Further, it discusses topics not typically found in standard textbooks, such as nonlinear operational amplifier circuits, nonlinear chaotic circuits and memristor networks. Each chapter includes a set of illustrative and worked examples, along with end-of-chapter exercises and lab exercises using the QUCS open-source circuit simulator. Solutions and other material are provided on the YouTube channel created for this book by the authors. 606 $aElectronic circuits 606 $aNonlinear optics 606 $aDynamics 606 $aNonlinear theories 606 $aElectronic Circuits and Systems 606 $aNonlinear Optics 606 $aApplied Dynamical Systems 615 0$aElectronic circuits. 615 0$aNonlinear optics. 615 0$aDynamics. 615 0$aNonlinear theories. 615 14$aElectronic Circuits and Systems. 615 24$aNonlinear Optics. 615 24$aApplied Dynamical Systems. 676 $a621.3192 700 $aMuthuswamy$b Bharathwaj$4aut$4http://id.loc.gov/vocabulary/relators/aut$0730100 702 $aBanerjee$b Santo$4aut$4http://id.loc.gov/vocabulary/relators/aut 801 0$bMiAaPQ 801 1$bMiAaPQ 801 2$bMiAaPQ 906 $aBOOK 912 $a9910337469203321 996 $aIntroduction to Nonlinear Circuits and Networks$92162336 997 $aUNINA